Reálny ekonomický cyklus v podmienkach nedokonalého fungovania trhu kapitálu

Fungovanie ekonomiky v podmienkach rigidity na trhu kapitálu. Pojem kapitál. Charakteristika ekonomického modelu a všeobecný mechanizmus fungovania modelu RBC (real business cycle).

Salvato in:
Dettagli Bibliografici
Autore principale: Dujava, Daniel
Altri autori: Lisý, Ján
Natura: Capitolo di libro
Lingua:slovacco
Soggetti:
Tags: Aggiungi Tag
Nessun Tag, puoi essere il primo ad aggiungerne!!

MARC

LEADER 00000naa a2200000 4500
001 0125535
005 20240502072430.5
041 0 |a slo 
044 |a SK 
245 1 0 |a Reálny ekonomický cyklus v podmienkach nedokonalého fungovania trhu kapitálu  |c Daniel Dujava, Ján Lisý 
520 |a Fungovanie ekonomiky v podmienkach rigidity na trhu kapitálu. Pojem kapitál. Charakteristika ekonomického modelu a všeobecný mechanizmus fungovania modelu RBC (real business cycle). 
610 2 0 |a trh kapitálový 
610 2 0 |a modely ekonomicko-matematické 
610 2 0 |a cykly hospodárske 
100 1 |a Dujava, Daniel 
700 1 |a Lisý, Ján